000 01252nam a2200289 a 4500
003 BLK
005 20250602144538.0
007 ta
008 231030b bu |||||r|||| 00| | bu d
020 _a9789542730545
040 _aBLK
041 _aBUL
_cBUL
080 _9226698
_aАмериканска литература (на САЩ)
_b821.111(73)
_x-31
_z821.111(73)-31
084 _aХ 93
100 _9481106
_aХуанг, Ана
245 _aГосподар на гнева
_cАна Хуанг ; прев. от англ. ез. Александра Микова
260 _9401640
_aСофия
_bУо
_c2023
_fСофия : Ропринт
300 _a432 с.
_c20 см
380 _aX
490 _9489377
_aГосподари на греха
_vкн. 1
500 _aОриг. загл.: King of wrath / Ana Huang. - Уо - търг. марка на Егмонт България. - За автора: с. 431. - Кн. 1 от поредицата Господари на греха
700 _9489376
_aМикова, Александра Мирославова
852 _aЦб 319876
_bЦб
856 _i0.00
_ldisable
942 _cKNG
_n0
_019
944 _cГеновева Генчева
_k30576
_lЦветомила Тодорова
999 _c496927
_d496927